000 00307nam a22001337a 4500
008 180104b xxu||||| |||| 00| 0 eng d
020 _a9780205728800
041 _aeng
080 _23RD
_a94
100 _a16
101 _aHIS
245 _aAFRICAN AMERICANS A CONCISE HISTORY
_cHINE,D.C
942 _2udc
_cBK
999 _c39693
_d39693